Terminály a aplikácie mobilných telekomunikačných sietí 3. generácie

Saved in:
Bibliographic Details
Main Author: Pukančík, Matej (Author)
Other Authors: Orgoň, Miloš, 1956- (Thesis advisor)
Format: Manuscript Book
Language:Slovak
Published: Bratislava : STU v Bratislave FEI, 2003
Subjects:
Tags: Add Tag
No Tags, Be the first to tag this record!

MARC

LEADER 00000ntm a22000003a 4500
001 stu83521
005 20160719164723.2
008 040129s2003------------------------slo-d
040 |a STU  |b slo 
041 0 |a slo 
100 1 |a Pukančík, Matej  |4 aut 
245 1 |a Terminály a aplikácie mobilných telekomunikačných sietí 3. generácie 
260 |a Bratislava :  |b STU v Bratislave FEI,  |c 2003 
300 |a 53 s 
650 7 |a Telekomunikácie  |2 stusub 
700 1 |a Orgoň, Miloš,  |d 1956-  |4 ths  |u E070  |U FEI Fakulta elektrotechniky a informatiky  |T FEI Ústav telekomunikácií  |X 2184  |U E070  |Y 818  |7 A000002184